000 00899cam a22002897a 4500
001 001974
003 armpunfd
005 20140612090655.0
008 100510e0####xx#a##########000#0#und#d
040 _aarmpunfd
_carmpunfd
080 _a35.077 C 58
100 1 0 _a Comadira, Julio Rodolfo
245 1 0 _aEl acto administrativo : en la ley nacional de procedimientos administrativos
260 _a Uenos Aires : La Ley
_b2004. Isbn : 950-527-826-8. 336 P.
650 7 _a Acto Administrativo
_2LEMB
650 7 _a Caducidad
_2LEMB
650 7 _a Conversion
_2LEMB
650 7 _a Elementos Accidentales
_2LEMB
650 7 _a Extincion
_2LEMB
650 7 _a Nulidades
_2LEMB
650 7 _a Procedimiento Administrativo
_2LEMB
650 7 _a Saneamiento
_2LEMB
650 7 _a Vicios
_2LEMB
700 1 0 _aMonti, Laura ( Colaboradora)
942 _cLB
_2cdu
945 _aCatalis
_d2010-08-19
999 _c1965
_d232469